Which Beatle Sang It? Click Quiz #3 - Statistics

General Stats
  • This quiz has been taken 692 times
  • The average score is 14 of 20
Answer Stats
Hint Answer % Correct
Ob-La-Di, Ob-La-Da Paul McCartney
85%
Lady Madonna Paul McCartney
83%
Get Back Paul McCartney
83%
Hello, Goodbye Paul McCartney
80%
Nowhere Man John Lennon
78%
Happiness Is A Warm Gun John Lennon
77%
I'm So Tired John Lennon
76%
Girl John Lennon
76%
Rocky Raccoon Paul McCartney
74%
Ticket To Ride John Lennon
73%
I Me Mine George Harrison
71%
Why Don't We Do It In The Road? Paul McCartney
69%
Act Naturally Ringo Starr
67%
I Feel Fine John Lennon
66%
She Said She Said John Lennon
66%
Getting Better Paul McCartney
65%
For You Blue George Harrison
62%
If I Needed Someone George Harrison
53%
I Want To Tell You George Harrison
50%
I Wanna Be Your Man Ringo Starr
41%
No matching quizzes found
Score Distribution
Percent of People with Each Score
Percentile by Number Answered
Your Score History
You have not taken this quiz